000 00782nam a2200241 4500
003 OSt
005 20240726010148.0
006 a
008 240726b |||||||| |||| 00| 0 eng d
020 _a9780323028776
040 _aDWCL-HMN lib.
_cOC
082 _aCirc. 362.173068 Y54b 2006
100 _aYoder-Wise, Patricia S.
245 _aBeyond leading and managing: nursing administration for the future /
260 _aSt. Louis, Missouri :
_bMosby/Elsevier,
_cc2006.
300 _axxii,
_b502 p. : ill. ;
_c24 cm.
504 _aIncludes bibliographical references & index.
650 _a1. Nurse administrators.
650 _a2. Leadership.
650 _a3. Nursing, Supervisory.
650 _a4. Nursing services-Administration.
942 _2ddc
_n0
_cBK-CIRC
_kCirc.
999 _c2766
_d2766